Normal view MARC view

Entry Personal Name

Number of records used in: 1

001 - CONTROL NUMBER

  • control field: 251148

003 - CONTROL NUMBER IDENTIFIER

  • control field: OSt

005 - DATE AND TIME OF LATEST TRANSACTION

  • control field: 20260113161626.0

008 - FIXED-LENGTH DATA ELEMENTS

  • fixed length control field: 260113|| aca||aabn | a|a d

040 ## - CATALOGING SOURCE

  • Original cataloging agency: OSt
  • Transcribing agency: OSt

100 ## - HEADING--PERSONAL NAME

  • Personal name: Mauro, Andrea

670 ## - SOURCE DATA FOUND

  • Source citation: Work cat.: (OSt)196834: Mauro, Andrea., Mastering VMware vSphere 6.5: , 2017.